| 000 | 02276nam0a2200409 4500 | ||
|---|---|---|---|
| 001 | RU\NLR\bibl\119033 | ||
| 005 | 20260405095441.0 | ||
| 010 |
_a5-87941-131-1 _9300 |
||
| 021 |
_aRU _b2000-30725 _91440 |
||
| 035 | _a(NLR Aleph) 000116569 | ||
| 090 |
_a662706 _c662706 |
||
| 100 | _a20001012d2000 |||y0rusy50 ca | ||
| 101 | 0 | _arus | |
| 102 | _aRU | ||
| 105 | _aa ||||||||| | ||
| 200 | 1 |
_aМоделирование организации строительного производства _eУчеб. пособие _fВ.Н. Фомин, Э.И. Гусев, Д.В. Хавин _gМ-во образования Рос. Федерации, Нижегор. гос. архит.-строит. ун-т |
|
| 210 |
_aН. Новгород _cННГАСУ _d2000 |
||
| 215 |
_a144 с. _cил. _d21 |
||
| 320 | _aБиблиогр.: с. 138-140 | ||
| 606 | 0 |
_aСтроительная промышленность _jРуководства, пособия и т.п. для высшей школы _xОрганизация производства _xМатематическое моделирование _92087636 _3RU\NLR\auth\661263806 |
|
| 606 | 0 |
_aСтроительная промышленность _jУчебные издания для высшей школы _xОрганизация производства _xМатематическое моделирование _92087636 _3RU\NLR\auth\661263806 |
|
| 610 | 0 | _aСтроительные организации - Планирование - Математические методы | |
| 610 | 0 | _aПланирование - строительные организации | |
| 675 |
_a69:658.012.122(075.8) _v3 _zrus |
||
| 686 |
_a67 _2rugasnti |
||
| 686 |
_a65.31я73 _2rubbk |
||
| 686 | _aУ31(2)-801в611я73 | ||
| 700 | 1 |
_4070 _8rus _7ca _aФомин _bВ. Н. _cэкономист _gВладимир Николаевич _3RU\NLR\auth\7726337 _99380 |
|
| 701 | 1 |
_aГусев _gЭдуард Иванович _4070 |
|
| 701 | 1 |
_4070 _8rus _7ca _aХавин _bД. В. _f1975- _gДмитрий Валерьевич _3RU\NLR\auth\7735900 _918895 |
|
| 801 | 0 |
_aRU _bRKP _c20001012 _gPSBO |
|
| 801 | 1 |
_aRU _bRKP _c20001012 |
|
| 801 | 2 |
_aRU _bNLR _c20060324 _grcr |
|
| 852 |
_aNLR _j2000-3/14280 |
||
| 942 | _cBOOK | ||
| 980 | _aNB | ||